| 000 | 00706nam a2200253 a 4500 | ||
|---|---|---|---|
| 003 | PILC | ||
| 005 | 20160229144436.0 | ||
| 008 | 111012s19uu xx 00 eng d | ||
| 020 | _a9780750685450 | ||
| 050 |
_aG 155.A1 _b.M311v 2008 |
||
| 100 | _aFyall, Alan. | ||
| 245 |
_aManaging visitors attractions / _cAlan Fyall, Brian Garrod, Anna Leask, Stephen Wanhill. |
||
| 250 | _a2nd edition. | ||
| 260 |
_aAmsterdam : _bElsevier, _c2008. |
||
| 300 |
_a363 pages ; _c24 cm. |
||
| 500 | _aIncludes index. | ||
| 650 | _aTourism. | ||
| 650 | _aLeisure industry. | ||
| 700 | _aGarrod, Brian. | ||
| 700 | _aLeask, Anna. | ||
| 700 | _aWanhill, Stephen. | ||
| 942 |
_cBK _2lcc _kFOR |
||
| 999 |
_c39726 _d39726 |
||